[Event "Wroclaw Anderssen Memorial op-B"]
[Site "Wroclaw"]
[Date "2023.??.??"]
[Round "7"]
[White "Wruk, Aleksander"]
[Black "Popczynska, Maja"]
[Result "1-0"]
[WhiteElo "1428"]
[BlackElo "1660"]
[PlyCount "59"]
[EventDate "2023.08.06"]
[EventType "swiss"]
[EventRounds "9"]
[EventCountry "POL"]
[SourceTitle "EXT 2024"]
[Source "ChessBase"]
[SourceDate "2023.10.10"]
[SourceVersion "1"]
[SourceVersionDate "2023.10.10"]
[SourceQuality "1"]

1. e4 c5 2. Nc3 Nc6 3. f4 g6 4. Nf3 Bg7 5. g3 e6 6. d3 d6 7. Bg2 Nge7 8. 0-0 0-0 9. h3 Nd4 10. g4 Nec6 11. Ne2 Bd7 12. c3 Nxe2+ 13. Qxe2 Qc7 14. Qe1 b5 15. Qh4 Qd8 16. Qg3 Rc8 17. Be3 f5 18. e5 dxe5 19. fxe5 c4 20. d4 Ne7 21. Bg5 Bc6 22. Qh4 Re8 23. Bf6 Bxf3 24. Bxf3 Qc7 25. Bxg7 Kxg7 26. Qf6+ Kg8 27. Qxe6+ Kh8 28. Qf6+ Kg8 29. gxf5 Nxf5 30. Bd5+ 1-0

[Event "EU-ch U14 Girls 30th"]
[Site "Antalya"]
[Date "2022.11.13"]
[Round "8"]
[White "Popczynska, Maja"]
[Black "Pinyol I Llora, Julia"]
[Result "0-1"]
[WhiteElo "1487"]
[BlackElo "1760"]
[PlyCount "29"]
[EventDate "2022.11.06"]
[EventType "swiss"]
[EventRounds "9"]
[EventCountry "TUR"]
[SourceTitle "EXT 2024"]
[Source "ChessBase"]
[SourceDate "2023.10.10"]
[SourceVersion "1"]
[SourceVersionDate "2023.10.10"]
[SourceQuality "1"]

1. e4 c5 2. Nf3 e6 3. d4 cxd4 4. Nxd4 a6 5. c4 Nf6 6. Nc3 Qc7 7. Be2 Bb4 8. Nc2 Bxc3+ 9. bxc3 d6 10. Na3 Nxe4 11. Qd4 f5 12. Bh5+ Kf8 13. f3 Nc5 14. 0-0 Ncd7 15. Be3 0-1

[Event "EU-ch U14 Girls 30th"]
[Site "Antalya"]
[Date "2022.11.12"]
[Round "7"]
[White "Popczynska, Maja"]
[Black "Tabermakova, Leila"]
[Result "0-1"]
[WhiteElo "1487"]
[BlackElo "1716"]
[PlyCount "104"]
[EventDate "2022.11.06"]
[EventType "swiss"]
[EventRounds "9"]
[EventCountry "TUR"]
[SourceTitle "EXT 2024"]
[Source "ChessBase"]
[SourceDate "2023.10.10"]
[SourceVersion "1"]
[SourceVersionDate "2023.10.10"]
[SourceQuality "1"]

1. e4 c5 2. Nf3 Nc6 3. d4 cxd4 4. Nxd4 Nf6 5. Nc3 e5 6. Ndb5 d6 7. Nd5 Nxd5 8. exd5 Ne7 9. c4 Ng6 10. Qa4 Bd7 11. Qb4 Qb8 12. Bd3 Be7 13. Be3 0-0 14. 0-0 a6 15. Nc3 f5 16. f3 h6 17. Na4 Bxa4 18. Qxa4 Bg5 19. Bb6 Nf4 20. Rad1 Bd8 21. Be3 Nxd3 22. Rxd3 b5 23. cxb5 axb5 24. Qb3 Bb6 25. Kh1 Rc8 26. a3 Bxe3 27. Rxe3 Qa7 28. Rc3 Qa4 29. Qxa4 bxa4 30. Rfc1 Rxc3 31. Rxc3 Ra5 32. Rd3 Rb5 33. Rd2 Kf7 34. Kg1 Kf6 35. Kf2 g5 36. g3 Rb3 37. g4 fxg4 38. fxg4 e4 39. Rd4 Ke5 40. Rxa4 Rxb2+ 41. Ke3 Rb3+ 42. Kd2 Kxd5 43. Ra5+ Kd4 44. Ra4+ Ke5 45. Ra8 d5 46. a4 Rb2+ 47. Ke1 Kd4 48. Rc8 Ra2 49. a5 Kd3 50. Rc1 Rxa5 51. Rd1+ Ke3 52. Rb1 d4 0-1

[Event "EU-ch U14 Girls 30th"]
[Site "Antalya"]
[Date "2022.11.10"]
[Round "5"]
[White "Popczynska, Maja"]
[Black "Guid, Taja"]
[Result "1/2-1/2"]
[WhiteElo "1487"]
[BlackElo "1619"]
[PlyCount "60"]
[EventDate "2022.11.06"]
[EventType "swiss"]
[EventRounds "9"]
[EventCountry "TUR"]
[SourceTitle "EXT 2024"]
[Source "ChessBase"]
[SourceDate "2023.10.10"]
[SourceVersion "1"]
[SourceVersionDate "2023.10.10"]
[SourceQuality "1"]

1. e4 c5 2. Nf3 e6 3. d4 cxd4 4. Nxd4 Nf6 5. Nc3 Nc6 6. Ndb5 Bb4 7. a3 Bxc3+ 8. Nxc3 d5 9. exd5 exd5 10. Bd3 0-0 11. 0-0 d4 12. Ne4 Bf5 13. Bg5 Bxe4 14. Bxe4 h6 15. Bxf6 Qxf6 16. Bxc6 bxc6 17. Qd3 Rfd8 18. Rfe1 g6 19. Rad1 Rd5 20. Re4 Rad8 21. Rde1 Kg7 22. Re7 R5d7 23. Rxd7 Rxd7 24. b4 Qd6 25. g3 Qd5 26. c4 Qd6 27. c5 Qd5 28. Rd1 h5 29. h4 a5 30. Rd2 f6 1/2-1/2

[Event "POL-ch U13 Girls Qual"]
[Site "Jastrzebia Gora"]
[Date "2021.11.18"]
[Round "6"]
[White "Gladyszewska, Kinga"]
[Black "Popczynska, Maja"]
[Result "1/2-1/2"]
[WhiteElo "1269"]
[BlackElo "1294"]
[PlyCount "71"]
[EventDate "2021.11.15"]
[EventType "swiss"]
[EventRounds "9"]
[EventCountry "POL"]
[SourceTitle "EXT 2023"]
[Source "ChessBase"]
[SourceDate "2022.10.05"]
[SourceVersion "1"]
[SourceVersionDate "2022.10.05"]
[SourceQuality "1"]

1. d4 c5 2. d5 e5 3. e4 d6 4. Bd3 Be7 5. Nf3 Bg4 6. h3 Bxf3 7. Qxf3 Bg5 8. Bb5+ Kf8 9. Bxg5 Qxg5 10. Nc3 a6 11. Be2 Ne7 12. 0-0 Nd7 13. Qg4 Qxg4 14. Bxg4 Nf6 15. Be2 b5 16. f3 Ng6 17. g3 Ke7 18. a4 b4 19. Nd1 Kd7 20. Ne3 Ne7 21. Bd3 Nh5 22. Kg2 g6 23. f4 exf4 24. gxf4 h6 25. e5 Ra7 26. Be4 Ng7 27. exd6 Kxd6 28. Nc4+ Kd7 29. Ne5+ Ke8 30. Kf2 Nef5 31. Rfe1 Kf8 32. Rad1 Nd6 33. Bd3 Nge8 34. Nc6 Ra8 35. b3 Nf6 36. Bc4 1/2-1/2

[Event "EU Union-ch U14 18th"]
[Site "Mureck"]
[Date "2021.08.09"]
[Round "6"]
[White "Hansson, Pavel"]
[Black "Popczynska, Maja"]
[Result "1-0"]
[WhiteElo "1067"]
[BlackElo "1370"]
[PlyCount "81"]
[EventDate "2021.08.04"]
[EventType "swiss"]
[EventRounds "9"]
[EventCountry "AUT"]
[SourceTitle "EXT 2022"]
[Source "ChessBase"]
[SourceDate "2021.10.06"]
[SourceVersion "1"]
[SourceVersionDate "2021.10.06"]
[SourceQuality "1"]

1. e4 c5 2. Nf3 Nc6 3. Bc4 e6 4. Nc3 a6 5. a4 Nge7 6. 0-0 b6 7. d4 cxd4 8. Nxd4 Nxd4 9. Qxd4 Nc6 10. Qd3 Be7 11. Qg3 Bf6 12. Re1 d6 13. Be3 0-0 14. Rad1 Ne5 15. Bb3 Qc7 16. Bg5 Bxg5 17. Qxg5 Bb7 18. f4 Nd7 19. Qe7 Qc5+ 20. Kh1 Qc7 21. Qxd6 Qxd6 22. Rxd6 Nc5 23. Rxb6 Rfd8 24. h3 Rd4 25. f5 e5 26. Bd5 Bxd5 27. exd5 f6 28. b4 Nd7 29. Rb7 Rd8 30. Rd1 Rc4 31. Rd3 Rf4 32. g4 a5 33. Na2 axb4 34. Rxb4 Rxb4 35. Nxb4 Nb6 36. Nc6 Rd7 37. a5 Nxd5 38. Rxd5 Rxd5 39. Ne7+ Kf8 40. Nxd5 Ke8 41. a6 1-0

[Event "EU Union-ch U14 18th"]
[Site "Mureck"]
[Date "2021.08.08"]
[Round "5"]
[White "Popczynska, Maja"]
[Black "Marzakov, Mihail"]
[Result "0-1"]
[WhiteElo "1370"]
[BlackElo "1306"]
[PlyCount "122"]
[EventDate "2021.08.04"]
[EventType "swiss"]
[EventRounds "9"]
[EventCountry "AUT"]
[SourceTitle "EXT 2022"]
[Source "ChessBase"]
[SourceDate "2021.10.06"]
[SourceVersion "1"]
[SourceVersionDate "2021.10.06"]
[SourceQuality "1"]

1. e4 c5 2. Nf3 d6 3. d4 cxd4 4. Nxd4 Nf6 5. Nc3 g6 6. Be3 Bg7 7. f3 0-0 8. Qd2 Nc6 9. 0-0-0 Bd7 10. g4 h5 11. gxh5 Nxh5 12. Bc4 Na5 13. Bb3 Nxb3+ 14. Nxb3 b5 15. Bh6 Kh7 16. Bxg7 Nxg7 17. Qg5 f6 18. Qh4+ Nh5 19. f4 Qe8 20. Rhg1 a5 21. Rd3 Qf7 22. Nd5 a4 23. Nd2 Rac8 24. Nxe7 Qxe7 25. f5 Be8 26. fxg6+ Bxg6 27. Rd5 Rc5 28. Qg4 Rg8 29. Nf3 Qxe4 30. Rxc5 dxc5 31. Qd7+ Rg7 32. Qd1 Nf4 33. Re1 Qc4 34. Nd2 Qxa2 35. Re3 Qd5 36. Qf1 Nh5 37. Rh3 Rd7 38. Qf2 Qh1+ 39. Nf1 Qd5 40. Ne3 Qa2 41. Rxh5+ Kg7 42. Rd5 Rxd5 43. Nxd5 Qxd5 44. Qe2 Qg5+ 45. Kb1 Qg1+ 46. Ka2 Bf7+ 47. b3 axb3+ 48. cxb3 c4 49. Kb2 Qd4+ 50. Ka3 Qd6+ 51. Ka2 cxb3+ 52. Kb1 Bg6+ 53. Kb2 Qe5+ 54. Qxe5 fxe5 55. Kxb3 Bd3 56. Kc3 e4 57. Kd2 b4 58. h4 b3 59. Kc3 Bc2 60. Kd2 e3+ 61. Kxe3 b2 0-1

[Event "EU Union-ch U14 18th"]
[Site "Mureck"]
[Date "2021.08.04"]
[Round "1"]
[White "Popczynska, Maja"]
[Black "Wahlgreen, Noah Krug"]
[Result "0-1"]
[WhiteElo "1370"]
[BlackElo "1817"]
[PlyCount "64"]
[EventDate "2021.08.04"]
[EventType "swiss"]
[EventRounds "9"]
[EventCountry "AUT"]
[SourceTitle "EXT 2022"]
[Source "ChessBase"]
[SourceDate "2021.10.06"]
[SourceVersion "1"]
[SourceVersionDate "2021.10.06"]
[SourceQuality "1"]

1. e4 c6 2. c4 d5 3. exd5 cxd5 4. cxd5 Qxd5 5. Nc3 Qa5 6. d4 Nf6 7. Nf3 g6 8. Bc4 Bg7 9. 0-0 0-0 10. Re1 Bf5 11. Rxe7 Qb4 12. Qe2 Nc6 13. Rc7 Rae8 14. Qf1 Qb6 15. Bf4 Qxb2 16. Nb5 Be4 17. Ng5 Nd5 18. Bxd5 Bxd5 19. Bd6 Bc4 20. Qb1 Qxb5 21. Qxb5 Bxb5 22. Bxf8 Rxf8 23. Rxb7 Nxd4 24. Rb1 a6 25. h3 h6 26. Nf3 Nxf3+ 27. gxf3 Rd8 28. Rc1 Be5 29. Re1 Bf4 30. Ree7 Rd1+ 31. Kg2 Bf1+ 32. Kg1 Bxh3+ 0-1

[Event "POL-ch U14 Girls"]
[Site "Uniejow"]
[Date "2021.07.20"]
[Round "3"]
[White "Bromirska, Roksana"]
[Black "Popczynska, Maja"]
[Result "0-1"]
[WhiteElo "1088"]
[BlackElo "1400"]
[PlyCount "74"]
[EventDate "2021.07.18"]
[EventType "swiss"]
[EventRounds "9"]
[EventCountry "POL"]
[SourceTitle "EXT 2022"]
[Source "ChessBase"]
[SourceDate "2021.10.06"]
[SourceVersion "1"]
[SourceVersionDate "2021.10.06"]
[SourceQuality "1"]

1. e4 c5 2. Nf3 Nc6 3. c3 d5 4. exd5 Qxd5 5. d4 cxd4 6. cxd4 e5 7. Be3 Bg4 8. Nc3 Bb4 9. dxe5 Bxf3 10. Qxf3 Qxf3 11. gxf3 Nxe5 12. Bb5+ Nc6 13. Rg1 g6 14. Bd4 f6 15. 0-0-0 Kf7 16. Bc4+ Kg7 17. Be3 Nge7 18. Rd7 Ne5 19. Rd4 Nxf3 20. Rgd1 Nxd4 21. Rxd4 Rhd8 22. Rxd8 Rxd8 23. Bxa7 Bxc3 24. bxc3 Rc8 25. Be2 Rxc3+ 26. Kd2 Ra3 27. Bc5 Rxa2+ 28. Ke1 Nf5 29. Be3 Nxe3 30. fxe3 Ra1+ 31. Kd2 Ra2+ 32. Ke1 Rxe2+ 33. Kxe2 f5 34. Kf3 b5 35. e4 fxe4+ 36. Kxe4 Kf6 37. Kd4 h5 0-1

[Event "Poronin Tatra Limba op-B"]
[Site "Poronin"]
[Date "2021.05.28"]
[Round "9.20"]
[White "Spytek, Hubert"]
[Black "Popczynska, Maja"]
[Result "0-1"]
[WhiteElo "1106"]
[BlackElo "1294"]
[PlyCount "26"]
[EventDate "2021.05.22"]
[EventType "swiss"]
[EventRounds "9"]
[EventCountry "POL"]
[SourceTitle "EXT 2022"]
[Source "ChessBase"]
[SourceDate "2021.10.06"]
[SourceVersion "1"]
[SourceVersionDate "2021.10.06"]
[SourceQuality "1"]

1. Nf3 d5 2. d4 c6 3. c4 e6 4. e3 Bd6 5. c5 Bc7 6. Bd3 f5 7. Nbd2 Nd7 8. b4 Ngf6 9. Ng5 Nf8 10. f4 Ng6 11. h3 h6 12. Ngf3 Ne4 13. Ne5 Qh4+ 0-1

[Event "Poronin Tatra Limba op-B"]
[Site "Poronin"]
[Date "2021.05.25"]
[Round "4.23"]
[White "Popczynska, Michalina"]
[Black "Popczynska, Maja"]
[Result "0-1"]
[WhiteElo "1091"]
[BlackElo "1294"]
[PlyCount "86"]
[EventDate "2021.05.22"]
[EventType "swiss"]
[EventRounds "9"]
[EventCountry "POL"]
[SourceTitle "EXT 2022"]
[Source "ChessBase"]
[SourceDate "2021.10.06"]
[SourceVersion "1"]
[SourceVersionDate "2021.10.06"]
[SourceQuality "1"]

1. e4 e6 2. Nf3 d5 3. d3 c5 4. Nbd2 Nc6 5. g3 Nf6 6. Bg2 Be7 7. 0-0 0-0 8. Re1 d4 9. e5 Nd7 10. Qe2 Qc7 11. Nc4 b5 12. Na3 a6 13. Bf4 Bb7 14. h4 Rfd8 15. h5 h6 16. Qd2 Kh7 17. Rad1 Nb4 18. c3 dxc3 19. bxc3 Nd5 20. Nc2 N7b6 21. Nh2 Nxf4 22. Qxf4 Bg5 23. Qg4 Bxg2 24. Kxg2 Qc6+ 25. Kg1 c4 26. Nd4 Qc5 27. f4 Be7 28. f5 exf5 29. Qxf5+ Kg8 30. dxc4 Qxc4 31. Rf1 Bc5 32. Qf4 b4 33. Kg2 bxc3 34. Nhf3 c2 35. Rc1 Bxd4 36. Nxd4 Rxd4 37. Qf2 Qd5+ 38. Kh3 Rc8 39. e6 Qxe6+ 40. Kg2 Qd5+ 41. Kg1 Rd2 42. Qf3 Qxf3 43. Rxf3 Rd1+ 0-1